000 00338nam a22001457a 4500
008 230601b ||||| |||| 00| 0 eng d
020 _a9781111838386
041 _aeng
080 _2TENTH EDITION
_a159.9
082 _a159.9SUE
100 _a25
101 _aPSI
245 _aUNDERSTANDING ABNORMAL BEHAVIOR
_cSUE.D
942 _2udc
_cBK
999 _c59905
_d59905